Music Theory Part 1 - Statistics

General Stats
  • This quiz has been taken 298 times
  • The average score is 8 of 12
Answer Stats
Hint Answer % Correct
A symbol that raises the note a half step Sharp
93%
A symbol that lowers the note a half step Flat
92%
Person that wrote the music Composer
87%
in 4/4 time, which note receives 1 Beat Quarter Note
86%
In 4/4 time, which note receives 4 Beats Whole Note
85%
The symbol that indicates to gradually play or sing louder Crescendo
84%
The symbol that shows you how many beats are in the measure Time Signature
74%
The symbol that makes the Note emphasized Accent
69%
In 4/4 time, which symbol receives 1 Beat of rest Quarter Rest
66%
Clef with the G above middle C Treble Clef
52%
The symbol that indicates the end of the song. Double Barline
29%
Another name for a musical composition Score
17%
No matching quizzes found
Score Distribution
Percent of People with Each Score
Percentile by Number Answered
Your Score History
You have not taken this quiz